• 首页
  • 本馆介绍
  • 公告通知
  • 最新文献
  • 馆藏检索
  • 电子资源
  • 读者导购
  • 参考咨询
  • 我的图书馆
  • 登录
  • 详细信息显示
  • 放入我的书架
  • 预约/预借图书
  • 作者相关作品
  • 分类相关作品
  • 丛书相关作品
  • 出版社相关作品

书目信息

  • 表格格式
  • 工作单格式
  • 卡片格式
题名:
劳动的力量
    
 
作者: 王维平 , 陈响园 主编
分册:  
出版信息: 北京   中国社会科学出版社  2016
页数: 233页
开本: 21cm
丛书名:
单 册:
中图分类: F014.2
科图分类:
主题词: 劳动价值论--lao dong jia zhi lun--研究
电子资源:
ISBN: 978-7-5161-7674-0
000 01053nam0 22002651 450
001 0118172259
005 20170618172259.0
010    @a978-7-5161-7674-0@dCNY35.00
100    @a20161028d2016 em y0chiy50 ea
101 0  @achi
102    @aCN@b110000
105    @ay z 000yy
106    @ar
200 1  @a劳动的力量@Alao dong de li liang@dThe power of labour@f王维平,陈响园主编@zeng
210    @a北京@c中国社会科学出版社@d2016
215    @a233页@d21cm
300    @a获得兰州大学全国重点高校马克思主义学院建设经费资助
330    @a本书基于唯物主义历史观的基本原理,用学术分析和文学表述形式结合的方式,通过理论、观点、资料、事例的融合,分专题和综合篇论证了劳动的概念、起源和类型;劳动的分工、价值和意义;劳动者的贡献、尊严和保护;劳动的演变、发展和未来。
510 1  @aPower of labour@zeng
606 0  @a劳动价值论@Alao dong jia zhi lun@x研究
690    @aF014.2@v5
701  0 @a王维平@Awang wei ping@f(1957~)@4主编
701  0 @a陈响园@Achen xiang yuan@f(1969~)@4主编
801  0 @aCN@bTANGWEI@c20170615
905    @b1009185-90@dF014.2@e510@f6
    
    劳动的力量=The power of labour/王维平,陈响园主编.-北京:中国社会科学出版社,2016
    233页;21cm
    获得兰州大学全国重点高校马克思主义学院建设经费资助
    
    ISBN 978-7-5161-7674-0:CNY35.00
    本书基于唯物主义历史观的基本原理,用学术分析和文学表述形式结合的方式,通过理论、观点、资料、事例的融合,分专题和综合篇论证了劳动的概念、起源和类型;劳动的分工、价值和意义;劳动者的贡献、尊严和保护;劳动的演变、发展和未来。
●
相关链接 在E读中查询图书 在五车中查询图书 在当当中查询图书 在豆瓣中查询图书


正题名:劳动的力量     索取号:F014.2/510         预约/预借

序号 登录号 条形码 馆藏地/架位号 状态 备注
1 1009185   210091853   第一样本阅览室/ [索取号:F014.2/510] 在馆    
2 1009186   210091862   教育系资料室/ [索取号:F014.2/510] 在馆    
3 1009187   210091871   教育系资料室/ [索取号:F014.2/510] 在馆    
4 1009188   210091880   教育系资料室/ [索取号:F014.2/510] 在馆    
5 1009189   210091899   第一借阅区/ [索取号:F014.2/510] 在馆    
6 1009190   210091906   第一借阅区/ [索取号:F014.2/510] 在馆    
唐山师范学院图书馆 欢迎您!
大连网信软件有限公司© 版权所有